[Event "ch-FRA w 2014"]
[Site "Nimes FRA"]
[Date "2014.08.17"]
[Round "1.1"]
[White "Skripchenko, Almira"]
[Black "Leconte, Maria"]
[Result "1-0"]
[WhiteTitle "IM"]
[BlackTitle "WGM"]
[WhiteElo "2438"]
[BlackElo "2206"]
[WhiteFideId "13900145"]
[BlackFideId "618446"]
[EventDate "2014.08.17"]

1. Nf3 d5 2. g3 c5 3. Bg2 Nc6 4. O-O e6 5. d3 g6 6. Nbd2 Bg7 7. e4 Nf6 8. Re1
O-O 9. c3 Qc7 10. e5 Nd7 11. d4 cxd4 12. cxd4 Nb4 13. Re3 f6 14. Rc3 Nc6 15.
exf6 Nxf6 16. Ne5 Qd6 17. Nxc6 bxc6 18. Nb3 Ne4 19. Rc2 Rb8 20. Be3 Bd7 21. Rac1
Rb4 22. f4 Rfb8 23. Qd3 a5 24. Nxa5 Rxb2 25. Nb3 Rxc2 26. Qxc2 Nf6 27. Qe2 Qa3
28. Rc2 Bf8 29. Bf2 Ra8 30. h3 Qa6 31. Qe1 Qd3 32. Rd2 Qc3 33. Qe2 Qb4 34. Kh2
Kf7 35. Nc5 Bc8 36. Nd3 Qd6 37. Rc2 Kg7 38. Nc5 Kf7 39. Qd2 Nd7 40. Nd3 Kg7 41.
Ne5 Bb7 42. Qc1 Nxe5 43. fxe5 Qa3 44. Qb1 Ra7 45. h4 Qb4 46. Rb2 Qe7 47. Be3 Qd7
48. Rf2 Ba6 49. Bh3 Rb7 50. Qc1 Be7 51. Bh6+ Kh8 52. Qf4 Qe8 53. Bxe6 Bd3 54.
Qf7 Qxf7 55. Rxf7 Rb2+ 56. Kh3 1-0

[Event "ch-FRA w 2014"]
[Site "Nimes FRA"]
[Date "2014.08.17"]
[Round "1.2"]
[White "Bollengier, Andreea"]
[Black "Milliet, Sophie"]
[Result "1/2-1/2"]
[WhiteTitle "WIM"]
[BlackTitle "IM"]
[WhiteElo "2236"]
[BlackElo "2385"]
[WhiteFideId "1203347"]
[BlackFideId "623725"]
[EventDate "2014.08.17"]

1. Nf3 Nf6 2. c4 b6 3. g3 Bb7 4. Bg2 g6 5. O-O Bg7 6. Nc3 O-O 7. d4 Ne4 8. Qd3
Nxc3 9. Qxc3 c5 10. Qd3 cxd4 11. Nxd4 Bxg2 12. Kxg2 Nc6 13. Nxc6 dxc6 14. Qc2 c5
15. Bd2 Qd4 16. Rab1 Qg4 17. f3 Qe6 18. Rfe1 Rfd8 19. b3 Rd7 20. Rbd1 Rad8 21.
Bc1 h5 22. Rxd7 Qxd7 23. Bg5 Bf6 24. Bxf6 exf6 25. e4 Qd4 26. Qf2 Qc3 27. Re3
Qd4 28. Re2 Qd3 29. e5 fxe5 30. Rxe5 Qc3 31. Re3 Qc1 32. Re1 Qc3 33. Re3 Qc1 34.
Re1 Qc3 35. Re3 1/2-1/2

[Event "ch-FRA w 2014"]
[Site "Nimes FRA"]
[Date "2014.08.17"]
[Round "1.3"]
[White "Congiu, Mathilde"]
[Black "Haussernot, Cecile"]
[Result "1-0"]
[WhiteTitle "WIM"]
[BlackTitle "WFM"]
[WhiteElo "2318"]
[BlackElo "2101"]
[WhiteFideId "634581"]
[BlackFideId "601632"]
[EventDate "2014.08.17"]

1. e4 c5 2. Nf3 d6 3. d4 cxd4 4. Nxd4 Nf6 5. Nc3 a6 6. Bg5 Nbd7 7. f4 Qc7 8. Qf3
h6 9. Bxf6 Nxf6 10. f5 e6 11. fxe6 fxe6 12. O-O-O Be7 13. Qh3 Kf7 14. g4 Bd7 15.
Be2 b5 16. a3 Rab8 17. Qg3 b4 18. axb4 Rxb4 19. g5 hxg5 20. Qxg5 e5 21. Rhg1 Rh7
22. Nf5 Bxf5 23. Qxf5 Qa5 24. Rdf1 Qa1+ 25. Kd2 Rd4+ 26. Ke3 Qxb2 27. Bh5+ Kg8
28. Qc8+ Bf8 29. Rxf6 Rxe4+ 30. Nxe4 1-0

[Event "ch-FRA w 2014"]
[Site "Nimes FRA"]
[Date "2014.08.17"]
[Round "1.4"]
[White "Maisuradze, Nino"]
[Black "Collas, Silvia"]
[Result "1-0"]
[WhiteTitle "WGM"]
[BlackTitle "IM"]
[WhiteElo "2291"]
[BlackElo "2316"]
[WhiteFideId "13601717"]
[BlackFideId "2902265"]
[EventDate "2014.08.17"]

1. d4 Nf6 2. c4 e5 3. dxe5 Ng4 4. Nf3 Bc5 5. e3 Nc6 6. Bd2 a5 7. Bc3 Qe7 8. Qd5
Bb4 9. a3 Bxc3+ 10. Nxc3 Ngxe5 11. Nxe5 Nxe5 12. Qd4 d6 13. Nd5 Qd8 14. f4 Qh4+
15. g3 Nf3+ 16. Kf2 Nxd4 17. gxh4 Nb3 18. Nxc7+ Kd8 19. Nxa8 Nxa1 20. Bg2 Nb3
21. Rd1 Ke7 22. Nb6 Bg4 23. Rd5 Nc5 24. b4 axb4 25. axb4 Na6 26. Rb5 Rb8 27.
Bxb7 Nc7 28. Nd5+ Kd8 29. Nxc7 Kxc7 30. Bc6 Rxb5 31. Bxb5 Kb6 32. Ba4 Bc8 33. e4
f6 34. Ke3 Bb7 35. Kd4 Kc7 36. e5 dxe5+ 37. fxe5 fxe5+ 38. Kxe5 Bf3 39. c5 Bg2
40. b5 Bf3 41. Bc2 Be2 42. b6+ 1-0

[Event "ch-FRA w 2014"]
[Site "Nimes FRA"]
[Date "2014.08.17"]
[Round "1.5"]
[White "Safranska, Anda"]
[Black "Malassagne, Isabelle"]
[Result "1-0"]
[WhiteTitle "WGM"]
[WhiteElo "2258"]
[BlackElo "2122"]
[WhiteFideId "11600209"]
[BlackFideId "20670265"]
[EventDate "2014.08.17"]

1. e4 e5 2. Nf3 Nc6 3. Bb5 a6 4. Ba4 Nf6 5. d3 b5 6. Bb3 Be7 7. Nc3 d6 8. Nd5
O-O 9. c3 Na5 10. Nxe7+ Qxe7 11. Bc2 c5 12. O-O Be6 13. Ng5 d5 14. Nxe6 fxe6 15.
Bg5 Nc6 16. exd5 exd5 17. Qe2 Qd7 18. a4 b4 19. a5 Qd6 20. Rfe1 bxc3 21. bxc3
Rae8 22. Bh4 d4 23. c4 Nb4 24. Ba4 Re6 25. Bg3 Qe7 26. f4 Qf7 27. fxe5 Nh5 28.
Rf1 Nxg3 29. hxg3 Qe7 30. Rxf8+ Kxf8 31. Qe4 g6 32. Re1 Kg7 33. Kh2 Qc7 34. Re2
Qf7 35. g4 g5 36. Qf5 Qe7 37. Kg1 Kh8 38. Bd7 Rh6 39. e6 Kg8 40. Re5 Rg6 41.
Rxc5 Kg7 42. Qe5+ Qf6 43. e7 1-0

[Event "ch-FRA w 2014"]
[Site "Nimes FRA"]
[Date "2014.08.17"]
[Round "1.6"]
[White "Navrotescu, Andreea-Cristiana"]
[Black "Delorme, Laurie"]
[Result "0-1"]
[WhiteTitle "WFM"]
[BlackTitle "WIM"]
[WhiteElo "2208"]
[BlackElo "2151"]
[WhiteFideId "675946"]
[BlackFideId "630829"]
[EventDate "2014.08.17"]

1. d4 d5 2. c4 e6 3. Nc3 Bb4 4. Nf3 Nf6 5. Bg5 dxc4 6. e3 b5 7. Be2 Nbd7 8. O-O
c6 9. Qc2 Qb6 10. e4 h6 11. Bh4 Bb7 12. a4 a6 13. Na2 Bf8 14. Bg3 Be7 15. Nc3
O-O 16. Bh4 c5 17. dxc5 Bxc5 18. Rad1 Rac8 19. e5 Nd5 20. Ne4 Bb4 21. axb5 axb5
22. Bg3 Rfd8 23. Bh4 Re8 24. Bg3 Bf8 25. Nd4 Nc5 26. Nc3 b4 27. Nb1 Nd3 28. Nb3
Ba6 29. N3d2 b3 0-1

[Event "ch-FRA w 2014"]
[Site "Nimes FRA"]
[Date "2014.08.18"]
[Round "2.1"]
[White "Skripchenko, Almira"]
[Black "Bollengier, Andreea"]
[Result "1/2-1/2"]
[WhiteTitle "IM"]
[BlackTitle "WIM"]
[WhiteElo "2438"]
[BlackElo "2236"]
[WhiteFideId "13900145"]
[BlackFideId "1203347"]
[EventDate "2014.08.17"]

1. e4 d5 2. exd5 Qxd5 3. Nc3 Qa5 4. Rb1 c6 5. b4 Qc7 6. Bc4 Nf6 7. Nge2 Bf5 8.
d3 e6 9. b5 Bd6 10. bxc6 bxc6 11. h3 O-O 12. O-O Nbd7 13. Bg5 h6 14. Bh4 Bg6 15.
Bb3 Rab8 16. Bg3 Bxg3 17. Nxg3 Nc5 18. Qf3 Rb4 19. Rfe1 a5 20. a3 Nxb3 21. axb4
Nd2 22. Qe2 Nxb1 23. Rxb1 Rb8 24. bxa5 Rxb1+ 25. Nxb1 Qxa5 26. Nf1 Nd5 27. Nbd2
Qa2 28. Ne4 Nb4 29. Ne3 Bxe4 30. dxe4 Qa1+ 31. Nf1 Qc3 32. Ne3 Qa1+ 33. Nf1 Qc3
34. Ne3 Qa1+ 35. Nf1 Qc3 36. Ne3 1/2-1/2

[Event "ch-FRA w 2014"]
[Site "Nimes FRA"]
[Date "2014.08.18"]
[Round "2.2"]
[White "Delorme, Laurie"]
[Black "Safranska, Anda"]
[Result "0-1"]
[WhiteTitle "WIM"]
[BlackTitle "WGM"]
[WhiteElo "2151"]
[BlackElo "2258"]
[WhiteFideId "630829"]
[BlackFideId "11600209"]
[EventDate "2014.08.17"]

1. d4 Nf6 2. c4 g6 3. Nc3 Bg7 4. e4 d6 5. Bd3 O-O 6. Nge2 Nc6 7. O-O e5 8. d5
Nd4 9. Nxd4 exd4 10. Ne2 Re8 11. f3 c5 12. Kh1 Nd7 13. g4 Ne5 14. Ng3 Qh4 15. a4
Bd7 16. b3 Rab8 17. Ra2 b6 18. Rg2 Qe7 19. h3 Nxd3 20. Qxd3 Kh8 21. f4 Rg8 22.
f5 Be5 23. f6 Bxf6 24. Rgf2 Be5 25. Rxf7 Qh4 26. Kg2 Rbd8 27. Bf4 Bxf4 28. R1xf4
a6 29. Ne2 Qh6 30. Qg3 Be8 31. Re7 g5 32. Rf5 Bg6 33. Re6 Qg7 34. Rff6 Bxe4+ 35.
Kh2 Bc2 36. Nc1 Rgf8 37. Qf2 Rxf6 38. Rxf6 Bg6 39. Ne2 Kg8 40. Re6 d3 41. Ng1
Rf8 42. Qe3 Qb2+ 0-1

[Event "ch-FRA w 2014"]
[Site "Nimes FRA"]
[Date "2014.08.18"]
[Round "2.3"]
[White "Haussernot, Cecile"]
[Black "Maisuradze, Nino"]
[Result "0-1"]
[WhiteTitle "WFM"]
[BlackTitle "WGM"]
[WhiteElo "2101"]
[BlackElo "2291"]
[WhiteFideId "601632"]
[BlackFideId "13601717"]
[EventDate "2014.08.17"]

1. d4 d5 2. Nc3 Nf6 3. Bf4 Bf5 4. f3 e6 5. g4 Bg6 6. h4 h5 7. g5 Nfd7 8. e3 Bb4
9. Bd3 Bxc3+ 10. bxc3 Bxd3 11. Qxd3 Nc6 12. g6 f6 13. c4 Nb6 14. c5 Nc4 15. Rb1
b6 16. Ne2 bxc5 17. dxc5 N6e5 18. Bxe5 Nxe5 19. Qb5+ Qd7 20. Nd4 Qxb5 21. Rxb5
Kd7 22. f4 Nc6 23. Kd2 a6 24. Rb3 Rh6 25. Rg1 Ne7 26. Rbb1 Rg8 27. Rb7 Rxg6 28.
c6+ Kd6 29. Rxg6 Nxg6 30. Ra7 e5 31. fxe5+ fxe5 32. Nf3 Rf8 33. Ke2 Rb8 34. Rxa6
Rb6 35. Ra8 Rxc6 36. Kd2 Ke7 37. a4 Rf6 38. Ke2 e4 39. Nd4 Nxh4 40. a5 Nf5 41.
Nb3 h4 42. a6 h3 43. a7 h2 44. Re8+ Kxe8 45. a8=Q+ Ke7 46. Qh8 h1=Q 0-1

[Event "ch-FRA w 2014"]
[Site "Nimes FRA"]
[Date "2014.08.18"]
[Round "2.4"]
[White "Collas, Silvia"]
[Black "Navrotescu, Andreea-Cristiana"]
[Result "1/2-1/2"]
[WhiteTitle "IM"]
[BlackTitle "WFM"]
[WhiteElo "2316"]
[BlackElo "2208"]
[WhiteFideId "2902265"]
[BlackFideId "675946"]
[EventDate "2014.08.17"]

1. Nf3 c5 2. c4 Nc6 3. Nc3 e5 4. g3 g6 5. Bg2 Bg7 6. O-O d6 7. Ne1 Be6 8. Nd5
Nge7 9. Nc2 Rb8 10. d3 O-O 11. Bg5 h6 12. Bd2 b5 13. b3 Nd4 14. Nce3 Nec6 15.
Rb1 f5 16. f4 Kh7 17. Rf2 g5 18. Nf1 gxf4 19. gxf4 Bd7 20. Ng3 Ne7 21. Nh5 Bh8
22. e3 Ne6 23. Qe2 bxc4 24. dxc4 e4 25. Bc3 Nxd5 26. Bxh8 Rxh8 27. cxd5 Ng7 28.
Nxg7 Kxg7 29. Bf1 Kh7 30. Kh1 Rg8 31. Qh5 Qf6 32. Bh3 Rg7 33. Rc1 Rbg8 34. Rfc2
a5 35. Rc4 Qg6 36. Qxg6+ Kxg6 37. Rg1+ Kf6 38. Rcc1 Be8 39. Rxg7 Rxg7 40. Bf1
Bf7 41. Rd1 h5 42. Bc4 h4 43. Rg1 Bh5 44. Rxg7 Kxg7 45. Kg2 Bg4 46. Kf2 Kf6 47.
Bb5 Ke7 48. Bc6 Bf3 49. Ke1 Kd8 50. Kd2 Bh5 51. Kc3 Be2 52. Kb2 Kc7 53. Be8 Kb6
54. Bd7 Bg4 55. Kc3 Kc7 56. Be6 Kb6 57. Kd2 Kb5 58. Kc3 Kb6 59. Bd7 Kc7 60. Be8
Bh3 61. Kd2 Kd8 62. Bf7 Ke7 63. Be6 Kd8 64. Kc3 1/2-1/2

[Event "ch-FRA w 2014"]
[Site "Nimes FRA"]
[Date "2014.08.18"]
[Round "2.5"]
[White "Milliet, Sophie"]
[Black "Congiu, Mathilde"]
[Result "1/2-1/2"]
[WhiteTitle "IM"]
[BlackTitle "WIM"]
[WhiteElo "2385"]
[BlackElo "2318"]
[WhiteFideId "623725"]
[BlackFideId "634581"]
[EventDate "2014.08.17"]

1. e4 c5 2. Nf3 Nf6 3. e5 Nd5 4. g3 d6 5. Bg2 Nc6 6. exd6 Qxd6 7. O-O Bg4 8. h3
Bh5 9. Nc3 e6 10. Nxd5 Qxd5 11. g4 Bg6 12. d4 O-O-O 13. c3 Qc4 14. Be3 Qa6 15.
Qc1 cxd4 16. cxd4 Kb8 17. a3 Na5 18. Nd2 Bd3 19. Re1 Bd6 20. b4 Nc4 21. Nb3 Nxe3
22. Qxe3 Bc4 23. Nc5 Bxc5 24. dxc5 f6 25. a4 e5 26. c6 bxc6 27. b5 Qb6 28. bxc6
Qxe3 29. Rxe3 Kc7 30. Rc3 Rd4 31. a5 Rb8 32. Rac1 Ba6 33. Rc5 Rb2 34. Rd5 Rxd5
35. Bxd5 Rd2 36. Be4 h6 37. Kg2 Bb5 38. Kg3 Rd4 39. Bg2 Rd6 40. Kh4 Rd2 41. Be4
Bd3 42. Bxd3 Rxd3 43. Kh5 Rxh3+ 44. Kg6 Rf3 1/2-1/2

[Event "ch-FRA w 2014"]
[Site "Nimes FRA"]
[Date "2014.08.18"]
[Round "2.6"]
[White "Leconte, Maria"]
[Black "Malassagne, Isabelle"]
[Result "1/2-1/2"]
[WhiteTitle "WGM"]
[WhiteElo "2206"]
[BlackElo "2122"]
[WhiteFideId "618446"]
[BlackFideId "20670265"]
[EventDate "2014.08.17"]

1. e4 e5 2. Nc3 Nf6 3. f4 d5 4. fxe5 Nxe4 5. Nf3 Bg4 6. Qe2 Ng5 7. d4 Bxf3 8.
gxf3 Ne6 9. Be3 c6 10. O-O-O Bb4 11. Nb1 Nd7 12. f4 g6 13. f5 gxf5 14. Bh3 Qe7
15. Bxf5 O-O-O 16. a3 Ba5 17. Rhg1 Kb8 18. Bxe6 Qxe6 19. Rdf1 h5 20. h4 Ka8 21.
Bg5 Rde8 22. Qf3 c5 23. b4 cxb4 24. axb4 Bb6 25. Qd3 Rc8 26. Na3 Nxe5 27. dxe5
Bxg1 28. Rxg1 Qxe5 29. Nb1 Rc4 30. Bd2 Rhc8 31. Rg5 Qc7 32. Na3 Rxh4 33. Rxd5
Rh1+ 34. Kb2 Qb6 35. Qf5 Qe6 36. Qxe6 fxe6 37. Rd6 e5 38. Re6 Rh2 39. Be3 Rh4
40. c3 Re4 41. Bd4 h4 42. Nb5 b6 43. Bxe5 a6 44. Nd6 Re2+ 45. Kb3 Rc6 46. Re8+
Ka7 47. Re7+ Ka8 48. Re8+ Ka7 49. Nf5 Rf2 50. Nxh4 1/2-1/2

[Event "ch-FRA w 2014"]
[Site "Nimes FRA"]
[Date "2014.08.19"]
[Round "3.1"]
[White "Maisuradze, Nino"]
[Black "Milliet, Sophie"]
[Result "1/2-1/2"]
[WhiteTitle "WGM"]
[BlackTitle "IM"]
[WhiteElo "2291"]
[BlackElo "2385"]
[WhiteFideId "13601717"]
[BlackFideId "623725"]
[EventDate "2014.08.17"]

1. d4 d6 2. Nf3 Nf6 3. c4 g6 4. Nc3 Bf5 5. Ng5 h6 6. e4 Bg4 7. Nf3 Bg7 8. h3
Bxf3 9. Qxf3 Nc6 10. Be3 e5 11. d5 Nd4 12. Qd1 O-O 13. Qd2 c5 14. dxc6 bxc6 15.
Bd3 Kh7 16. O-O c5 17. f4 exf4 18. Rxf4 Nh5 19. Rf2 Qh4 20. Raf1 Ng3 21. Re1 Ne6
22. Rf3 Be5 23. Qf2 g5 24. Nd5 Kg7 25. Nf6 Nf4 26. Bf1 Kxf6 27. Rxg3 Qxg3 28.
Qxg3 Ne2+ 29. Bxe2 Bxg3 30. Rf1+ Ke7 31. Rf5 f6 32. h4 Be5 33. b3 a5 34. a4 gxh4
35. Rh5 Bg3 36. Bxh6 Rh8 37. Kf1 Kf7 38. Bd2 Rxh5 39. Bxh5+ Ke7 40. Bd1 Ke6 41.
Bg4+ Ke7 42. Bd1 Kd7 43. Ke2 Kc7 44. Kf3 Kb6 45. Bf4 Bxf4 46. Kxf4 Rg8 47. Bg4
Kc7 48. Kf5 Kd8 49. Kf4 Ke7 50. Kf5 Rg5+ 51. Kf4 Kf7 52. Kf3 Rg8 53. Kf4 Rb8 54.
Bd1 Rg8 55. Bg4 Kg6 56. Bf3 Kf7 57. Bg4 Rg5 58. Kf3 f5 59. exf5 Kg7 60. g3 hxg3
61. Kxg3 Kf6 62. Kf4 Rg7 63. Bf3 Re7 64. Be4 Re8 65. Bc6 Re2 66. Bd7 Re1 67. Bc8
Ke7 68. Ba6 Rb1 69. Ke4 Rxb3 70. Kd5 Rf3 71. Kc6 Rxf5 72. Kb5 Kd7 73. Bb7 Kc7
74. Bd5 Rf2 75. Kxa5 Rb2 76. Ka6 Rd2 77. Kb5 Rb2+ 78. Ka6 Rb6+ 79. Ka5 Rb4 80.
Be6 Kd8 81. Bd5 Kd7 82. Bg8 Ke7 83. Bd5 Kf6 84. Bc6 Rxc4 85. Kb6 Rc1 86. a5 Ra1
87. a6 c4 88. a7 c3 89. Be4 Ke5 90. Bd3 Kd4 91. Ba6 Rb1+ 92. Bb5 Ra1 93. Ba6 c2
94. a8=Q Rxa6+ 95. Kxa6 c1=Q 96. Qh8+ Kd3 97. Qh7+ Ke2 98. Qe7+ Qe3 99. Qxd6
Qd3+ 100. Qxd3+ Kxd3 1/2-1/2

[Event "ch-FRA w 2014"]
[Site "Nimes FRA"]
[Date "2014.08.19"]
[Round "3.2"]
[White "Safranska, Anda"]
[Black "Collas, Silvia"]
[Result "1/2-1/2"]
[WhiteTitle "WGM"]
[BlackTitle "IM"]
[WhiteElo "2258"]
[BlackElo "2316"]
[WhiteFideId "11600209"]
[BlackFideId "2902265"]
[EventDate "2014.08.17"]

1. e4 c5 2. g3 g6 3. Bg2 Bg7 4. c3 Nc6 5. Ne2 e6 6. f4 Nge7 7. d3 d5 8. e5 b5 9.
Be3 c4 10. O-O Rb8 11. Bf2 h5 12. dxc4 bxc4 13. b3 Na5 14. b4 Nac6 15. a4 Qc7
16. Na3 a6 17. Nc2 Nf5 18. Ne3 Nce7 19. Nxf5 Nxf5 20. Nd4 Kf8 21. Nxf5 gxf5 22.
h4 f6 23. exf6 Bxf6 24. Bd4 Bxd4+ 25. Qxd4 Qb6 26. Rfd1 Bd7 27. Kf2 Qxd4+ 28.
Rxd4 Kg7 29. Bf3 Kf6 30. Rd2 Be8 31. Ke3 Rg8 32. Rg2 Rb7 33. Kd4 Rbg7 34. Rag1
Rh8 35. Bd1 Rc7 36. Rb2 Rb7 37. Re1 Rhh7 38. Rbe2 Rhe7 39. Re3 Bf7 40. Bf3 Rec7
41. Rb1 Rc8 42. Re2 Rcb8 43. Reb2 Be8 44. Ra1 Rg7 45. Rg2 Rgb7 46. Bd1 Rc7 47.
Rb1 Rb6 48. Rgb2 Rg7 49. Rg2 Rc7 50. Ra1 1/2-1/2

[Event "ch-FRA w 2014"]
[Site "Nimes FRA"]
[Date "2014.08.19"]
[Round "3.3"]
[White "Congiu, Mathilde"]
[Black "Skripchenko, Almira"]
[Result "1-0"]
[WhiteTitle "WIM"]
[BlackTitle "IM"]
[WhiteElo "2318"]
[BlackElo "2438"]
[WhiteFideId "634581"]
[BlackFideId "13900145"]
[EventDate "2014.08.17"]

1. e4 e5 2. Nf3 Nc6 3. Bc4 Nf6 4. d3 Be7 5. O-O O-O 6. Re1 d6 7. a4 Kh8 8. a5 a6
9. Nc3 Bg4 10. h3 Bh5 11. Be3 Nd4 12. Bxd4 exd4 13. Nb1 Nd7 14. g4 Bg6 15. Nxd4
Bf6 16. c3 Bxd4 17. cxd4 Qf6 18. Ra4 b5 19. axb6 Nxb6 20. Rxa6 Rab8 21. Nd2 Qxd4
22. Qc2 d5 23. Nb3 Qe5 24. d4 Qf4 25. Bd3 dxe4 26. Bxe4 Rbe8 27. Nc5 f5 28. Nd3
Qg5 29. Ra5 Nc8 30. Bxf5 Rxe1+ 31. Nxe1 Nd6 32. Nf3 Qf4 33. Bxg6 Qxf3 34. Rh5 h6
35. Qd2 Ra8 36. Ra5 Rb8 37. Ra3 Qf6 38. Qd3 Rf8 39. f3 Nb5 40. Qxb5 Qxg6 41. Qd3
Qb6 42. Rb3 Qd6 43. Kg2 Rd8 44. Qe3 Qxd4 45. Qxd4 Rxd4 46. Rb7 Rd2+ 47. Kg3 g5
48. h4 c5 49. hxg5 hxg5 50. Rb5 Rc2 51. b4 cxb4 52. Rxg5 b3 53. Rb5 b2 54. Rb7
Kg8 55. g5 Kf8 56. Kg4 Kg8 57. f4 Kf8 58. f5 Rh2 59. f6 Rf2 60. Kh5 Ke8 61. Kg6 1-0

[Event "ch-FRA w 2014"]
[Site "Nimes FRA"]
[Date "2014.08.19"]
[Round "3.4"]
[White "Bollengier, Andreea"]
[Black "Leconte, Maria"]
[Result "1/2-1/2"]
[WhiteTitle "WIM"]
[BlackTitle "WGM"]
[WhiteElo "2236"]
[BlackElo "2206"]
[WhiteFideId "1203347"]
[BlackFideId "618446"]
[EventDate "2014.08.17"]

1. c4 e6 2. Nf3 d5 3. g3 dxc4 4. Qa4+ Nd7 5. Qxc4 a6 6. Bg2 b5 7. Qc2 Bb7 8. O-O
Ngf6 9. d4 c5 10. Bf4 cxd4 11. Nbd2 Nd5 12. Nxd4 Rc8 13. Qb1 Qb6 14. Bxd5 Bxd5
15. Be3 Bc5 16. Nc2 O-O 17. b4 Bxe3 18. Nxe3 Ba8 19. Rc1 Qb7 20. f3 Qa7 21. Nf1
Nb6 22. Kg2 h5 23. Qb2 Bd5 24. Qd4 Bc4 25. Nxc4 bxc4 26. Ne3 Rfd8 27. Qh4 Rd2
28. Rc2 Rxc2 29. Nxc2 Nd5 30. Qg5 c3 31. Rd1 Qb6 32. a3 Qb5 33. Rd3 Qa4 34. Qc1
Qb3 35. e4 Nf6 36. Kf2 Kh7 37. Ke3 Rc7 38. Nd4 Qb2 39. Ne2 Nd7 40. Rxc3 Rxc3+
41. Qxc3 Qa2 42. h4 Nb6 43. Nc1 Qb1 44. Kd2 f6 45. Kd1 Na4 46. Qc2 Nb2+ 47. Kd2
Qa1 48. Qb3 Qxa3 49. Kc2 Qxb3+ 50. Kxb3 Nd1 51. Ka4 Nc3+ 52. Ka5 g5 53. Kxa6 f5
54. b5 fxe4 55. fxe4 Nxe4 56. b6 gxh4 57. gxh4 Nc5+ 58. Kb5 Nd7 59. b7 Kg6 60.
Kc6 Nb8+ 61. Kc7 Na6+ 62. Kd6 e5 63. Kxe5 Nc5 64. Nd3 Nxb7 65. Nf4+ Kh6 66. Nd3 1/2-1/2

[Event "ch-FRA w 2014"]
[Site "Nimes FRA"]
[Date "2014.08.19"]
[Round "3.5"]
[White "Malassagne, Isabelle"]
[Black "Delorme, Laurie"]
[Result "1-0"]
[BlackTitle "WIM"]
[WhiteElo "2122"]
[BlackElo "2151"]
[WhiteFideId "20670265"]
[BlackFideId "630829"]
[EventDate "2014.08.17"]

1. e4 e5 2. Nf3 Nc6 3. Bc4 Nf6 4. d3 Bc5 5. Bb3 d6 6. c3 a6 7. Nbd2 O-O 8. O-O
Ba7 9. h3 Ne7 10. Re1 Ng6 11. Nf1 Nh5 12. d4 Nhf4 13. Bxf4 exf4 14. N1h2 Kh8 15.
Qd2 b5 16. a4 Bd7 17. axb5 axb5 18. e5 Bc6 19. Bc2 dxe5 20. Nxe5 Bd5 21. b4 Bb6
22. Bxg6 fxg6 23. Rxa8 Bxa8 24. Qd3 Qd5 25. f3 Kg8 26. Nhg4 Bb7 27. Qd2 g5 28.
Nd3 h6 29. Kh2 Bc6 30. Re5 Qd7 31. Qe2 Re8 32. Qa2+ Kf8 33. Rxe8+ Qxe8 34. Nde5
Bd7 35. Nxd7+ Qxd7 36. Ne5 Qf5 37. Qd5 Ke7 38. Nc6+ Kf6 39. Qd8+ Ke6 40. Qc8+
Kf6 41. Qd8+ Ke6 42. Ne5 1-0

[Event "ch-FRA w 2014"]
[Site "Nimes FRA"]
[Date "2014.08.19"]
[Round "3.6"]
[White "Navrotescu, Andreea-Cristiana"]
[Black "Haussernot, Cecile"]
[Result "0-1"]
[WhiteTitle "WFM"]
[BlackTitle "WFM"]
[WhiteElo "2208"]
[BlackElo "2101"]
[WhiteFideId "675946"]
[BlackFideId "601632"]
[EventDate "2014.08.17"]

1. d4 Nf6 2. c4 e6 3. Nf3 c5 4. d5 b5 5. Bg5 bxc4 6. Nc3 d6 7. e4 Be7 8. Bxc4
O-O 9. O-O e5 10. Nd2 h6 11. Bxf6 Bxf6 12. Be2 Bg5 13. Nc4 f5 14. exf5 Bxf5 15.
Bd3 Bxd3 16. Qxd3 Na6 17. Ne4 Be7 18. Ncxd6 Nb4 19. Qh3 Bxd6 20. Qe6+ Kh7 21.
Qxd6 Qxd6 22. Nxd6 Rad8 23. Ne4 Rxd5 24. Rfd1 Rfd8 25. Rxd5 Rxd5 26. Kf1 c4 27.
Rc1 Rd4 28. f3 Nxa2 29. Ra1 Nb4 30. h4 h5 31. Ke2 Nd3 32. Rxa7 Nxb2 33. Ra6 Rd8
34. Rb6 Nd3 35. Rc6 Nb2 36. Rc5 Re8 37. Kd2 Rd8+ 38. Ke2 Re8 39. g3 Kg8 40. Nd6
Re6 41. Rc8+ Kh7 42. Nxc4 Nxc4 43. Rxc4 Kg6 44. Ke3 Kf6 45. Ke4 Rd6 46. Ra4 Rb6
47. Ra8 Rb4+ 48. Kd5 Rd4+ 49. Kc5 Rd3 50. Rf8+ Ke6 51. g4 hxg4 52. fxg4 Rc3+ 53.
Kb5 Rg3 54. Re8+ Kf7 55. Rxe5 Rxg4 56. Kc5 Rxh4 57. Kd5 Kf6 58. Re6+ Kf5 59.
Re5+ Kf4 60. Re4+ Kg5 61. Re2 Kh5 62. Ke5 g5 63. Rg2 Ra4 64. Kf5 Kh4 65. Rg1 g4
66. Rh1+ Kg3 67. Rb1 Kh2 68. Rb2+ Kh3 69. Rb8 g3 70. Rh8+ Kg2 71. Kg5 Kg1 72.
Rb8 g2 73. Rh8 Kf2 0-1

[Event "ch-FRA w 2014"]
[Site "Nimes FRA"]
[Date "2014.08.20"]
[Round "4.1"]
[White "Bollengier, Andreea"]
[Black "Congiu, Mathilde"]
[Result "1-0"]
[WhiteTitle "WIM"]
[BlackTitle "WIM"]
[WhiteElo "2236"]
[BlackElo "2318"]
[WhiteFideId "1203347"]
[BlackFideId "634581"]
[EventDate "2014.08.17"]

1. c4 Nf6 2. g3 g6 3. Bg2 Bg7 4. Nc3 O-O 5. Nf3 d6 6. O-O e5 7. d4 Nbd7 8. e4
Re8 9. h3 exd4 10. Nxd4 Nc5 11. Re1 Ne6 12. Nc2 c6 13. Be3 Qc7 14. Qd2 b6 15.
Rad1 Bf8 16. f4 Ba6 17. b3 Rad8 18. f5 Nc5 19. Bg5 Ncd7 20. Rf1 Be7 21. fxg6
fxg6 22. Nd4 Rf8 23. Ne6 Qc8 24. Nxd8 Rxd8 25. h4 Rf8 26. Bh3 Qc7 27. Be6+ Kh8
28. h5 Ne5 29. hxg6 Nxg6 30. Bf5 Ne5 31. Ne2 Bc8 32. Qf4 Nxe4 33. Bxe7 Rxf5 34.
Qxe4 Rxf1+ 35. Rxf1 Qxe7 36. Qf4 Kg7 37. Nd4 Ng6 38. Nf5+ Bxf5 39. Qxf5 Qe3+ 40.
Kg2 Qe2+ 41. Rf2 Qe7 42. Qg4 Kh6 43. Rd2 Qe5 44. Qh3+ Kg5 45. Qxh7 Qe4+ 46. Kh2
Qe3 47. Rg2 Ne5 48. Qg7+ Kf5 49. g4+ Ke4 50. Qh7+ Kd4 51. Kh1 Nf3 52. Qg7+ Kc5
53. b4+ Kxc4 54. Rc2+ Kb5 55. a4+ Kxa4 56. Qa1+ Kb5 57. Qf1+ Ka4 58. Qa1+ Kb5
59. Qf1+ Ka4 60. Ra2+ Kxb4 61. Qb1+ Kc5 62. Rc2+ Kd4 63. Qb2+ Kd5 64. Qa2+ Kd4
65. Qc4+ Ke5 66. Re2 1-0

[Event "ch-FRA w 2014"]
[Site "Nimes FRA"]
[Date "2014.08.20"]
[Round "4.2"]
[White "Haussernot, Cecile"]
[Black "Safranska, Anda"]
[Result "0-1"]
[WhiteTitle "WFM"]
[BlackTitle "WGM"]
[WhiteElo "2101"]
[BlackElo "2258"]
[WhiteFideId "601632"]
[BlackFideId "11600209"]
[EventDate "2014.08.17"]

1. e4 Nf6 2. e5 Nd5 3. d4 d6 4. c4 Nb6 5. exd6 exd6 6. Nc3 Be7 7. h3 O-O 8. Nf3
Bf6 9. Be2 Re8 10. O-O Nc6 11. Be3 Bf5 12. Qd2 d5 13. c5 Nc4 14. Bxc4 dxc4 15.
b3 Bd3 16. Rfd1 b6 17. bxc4 Bxc4 18. Rac1 Bd5 19. cxb6 cxb6 20. Ne5 Na5 21. Nb5
Bxg2 22. Nc7 Bxh3 23. Nxe8 Qxe8 24. Kh2 Bf5 25. Bf4 Qe7 26. Re1 Qd8 27. Qe3 Be6
28. Red1 Bd5 29. Ng4 Nc4 30. Qg3 Bh4 31. Qh3 Bg5 32. Be3 Nxe3 33. fxe3 Qd6+ 34.
Ne5 h6 35. Rg1 Be6 36. Qf3 Rf8 37. Rc6 Qa3 38. Re1 Qxa2+ 39. Re2 Qb3 40. Rc7 a5
41. Qf2 a4 42. e4 Qh3+ 43. Kg1 a3 44. d5 a2 45. Ra7 Rc8 46. Nc6 a1=Q+ 47. Rxa1
Bg4 48. Ree1 Bf3 49. Qh2 Qg4+ 50. Kf1 Bxe4 51. Ne5 Qf5+ 52. Kg1 Bf4 53. Qe2 Bxe5
54. Ra4 Qg6+ 0-1